| Tag |
First Indicator |
Second Indicator |
Subfields |
| LEADER |
00000cam a2200000 4500 |
| 001 |
in00001482221 |
| 005 |
20151021061604.0 |
| 008 |
860905s1976 ru b 000 0 rus |
| 010 |
|
|
|a 76518535
|
| 035 |
|
|
|a (OCoLC)14186330
|
| 035 |
|
|
|9 AJF9480AM
|
| 040 |
|
|
|a DLC
|c CUY
|d CUY
|d OCL
|d TXA
|d UtOrBLW
|
| 043 |
|
|
|a e-ur--
|
| 049 |
|
|
|a TXAM
|
| 050 |
0 |
0 |
|a HC336.23
|b .B697
|
| 092 |
|
|
|a 329.947
|b B848ot
|
| 100 |
1 |
|
|a Brezhnev, Leonid Ilʹich,
|d 1906-1982.
|
| 245 |
1 |
0 |
|a Otchet T︠S︡entralʹnogo Komiteta KPSS i ocherednye zadachi partii v oblasti vnutrenneĭ i vneshneĭ politiki :
|b doklad XXV sʺezdu KPSS 24 fevrali︠a︡ 1976 goda /
|c L.I. Brezhnev.
|
| 264 |
|
1 |
|a Moskva :
|b Politizdat,
|c 1976.
|
| 300 |
|
|
|a 110 pages ;
|c 20 cm.
|
| 336 |
|
|
|a text
|b txt
|2 rdacontent
|
| 337 |
|
|
|a unmediated
|b n
|2 rdamedia
|
| 338 |
|
|
|a volume
|b nc
|2 rdacarrier
|
| 536 |
|
|
|a From the Estate of George and Mathilda Corcoran by Dr. Joseph R. Corcoran & Irene Sabo Corcoran and Family. September 1998.
|
| 651 |
|
0 |
|a Soviet Union
|x Economic conditions
|y 1965-1975.
|
| 651 |
|
0 |
|a Soviet Union
|x Foreign relations
|y 1953-1975.
|
| 610 |
2 |
0 |
|a Kommunisticheskai͡a partii͡a Sovetskogo Soi͡uza
|x Party work.
|
| 710 |
2 |
|
|a T︠S︡K KPSS.
|
| 710 |
2 |
|
|a Kommunisticheskai︠a︡ partii︠a︡ Sovetskogo Soi︠u︡za.
|b Sʺezd
|n (25th :
|d 1959 :
|c Moscow, R.S.F.S.R.)
|
| 948 |
|
|
|a c:mc
|
| 999 |
|
|
|a MARS
|
| 999 |
f |
f |
|s e8a8a313-0226-3ff2-a2e3-c1b0d3068a83
|i a2a3f6bb-3f9a-359d-8b54-b9a57b5a34fc
|t 0
|
| 952 |
f |
f |
|p ric
|a Texas A&M University
|b Rellis Campus
|c Joint Library Facility
|d Remote Storage
|t 0
|e HC336.23 .B697
|h Library of Congress classification
|i unmediated -- volume
|m A14824163178
|
| 998 |
f |
f |
|a HC336.23 .B697
|t 0
|l Remote Storage
|